Normal view
MARC view
- Tanzeel Ur Rehman
Entry Personal Name
001 - CONTROL NUMBER
- control field: 73301
003 - CONTROL NUMBER IDENTIFIER
- control field: NUST
005 - DATE AND TIME OF LATEST TRANSACTION
- control field: 20210628205011.0
008 - FIXED-LENGTH DATA ELEMENTS
- fixed length control field: 210628|| aca||aabn | a|a d
040 ## - CATALOGING SOURCE
- Original cataloging agency: NUST
- Transcribing agency: NUST
100 ## - HEADING--PERSONAL NAME
- Personal name: Tanzeel Ur Rehman
670 ## - SOURCE DATA FOUND
- Source citation: Work cat.: (NUST): Tanzeel Ur Rehman, PR-SOF-1961-Device for Testing Spericity Compliance of Footballs, 2020
